00422 2200181 4500001002100000005001500021035002000036007000300056008003900059082001800098084002400116100001700140245002600157260002300183300001000206990001200216990001200228INLIS00000000000774420220217052137 a0010-0222000026ta220217 | | |  a899.221 308 5 a899.221 308 5 NIN h0 aNinit Yunita1 aHEART /cNinit Yunita bGagas Media,c2006 bilus. a0215348 a0215349